000 009870000a22002050004500
020 _a0-7220-1576-3
082 0 4 _aG 282.42 R91c
100 1 _aRyan, Desmond
245 1 0 _aThe Catholic parish : Institutional discipline, tribal identity and religious development in the English church / Desmond Ryan
260 _aLOndon : Sheed & Ward
300 _axvi, 303 páginas
501 _aRústico
505 0 0 _aLa iglesia católica y el mundo moderno - La liturgia - Los sacramentos - Fe y la fe - La comunidad: ¿Disciplina o desarrollo? - Sacerdote y parroquia - La relación del sacerdote y la parroquia: Un modelo dinámico - El desafío pastoral: La superación de la historia católica - La parroquia inglesa y la iglesia romana
650 1 4 _aParroquias \ Teología pastoral \ Inglaterra \ Teología pastoral - Iglesia católica
001 19067
942 _cBK
999 _c45443
_d45443
336 _atexto
_btxt
_2rdacontent
337 _2rdamedia
_asin mediación
_bn
338 _2rdacarrier
_avolumen
_bnc